Phytomedicines of Europe : Chemistry and biological activity

Uloženo v:
Podrobná bibliografie
Hlavní autor: Lawson, Larry D
Médium: Kniha
Jazyk:Undetermined
Vydáno: Washington, DC American Chemical Society 1998
Témata:
Tagy: Přidat tag
Žádné tagy, Buďte první, kdo otaguje tento záznam!
Thư viện lưu trữ: Trung tâm Học liệu Trường Đại học Cần Thơ
LEADER 00608nam a2200217Ia 4500
001 CTU_65524
008 210402s9999 xx 000 0 und d
020 |c 2000000 
082 |a 615.321 
082 |b L425 
100 |a Lawson, Larry D 
245 0 |a Phytomedicines of Europe : 
245 0 |b Chemistry and biological activity 
245 0 |c Larry D Lawson, Rudolf Bauer 
260 |a Washington, DC 
260 |b American Chemical Society 
260 |c 1998 
650 |a Materia medica, vegetable 
650 |z Europe 
904 |i TUYẾN 
980 |a Trung tâm Học liệu Trường Đại học Cần Thơ